000 00912nam a22002897a 4500
003 CHAP
005 20220329134136.0
008 971013s1981 r 00010 d
010 _a16055
011 _a17027
035 _a21109
040 _cCHAP
090 _aTesis
100 0 0 _aGuimond Lanz, Gerardo.
_951427
245 _aEstudio del tipo de piso abierto y densidad de cerdos en engorda
260 _aMonterrey, N.L., :
_bEl autor,
_c1981
300 _a69 h
502 _aTesis (Ing. Agrónomo Zootecnista) -- ITESM. Div. de Ciencias Agropecuarias y Marítimas
590 _aALEPH
_b10
_c20130110
_lUCH01
_h1238
590 _aBATCH-UPD
_b10
_c20130110
_lUCH01
_h1342
590 _aCONVERSION
_b10
_c20130109
_lUCH01
_h1310
650 1 4 _aGanado porcino
_xAlojamiento.
_945331
650 1 4 _aGanado porcino
_xEngorda.
_945362
901 _aBK
942 _cTESIS
949 _bBC
_cTES
_d-49249
_eTS1
_i21109
_si
999 _c16055
_d16055